| 000 | 01223cam a22003254a 4500 | ||
|---|---|---|---|
| 001 | 14903234 | ||
| 003 | OSt | ||
| 005 | 20250917110736.0 | ||
| 008 | 070626s2006 enka d 001 0 eng | ||
| 010 | _a 2007276315 | ||
| 020 | _a9780521687188 | ||
| 020 | _a0521687187 | ||
| 040 |
_aDLC _cDLC _dDLC |
||
| 042 | _apcc | ||
| 050 | 0 | 0 |
_aRA407 _b.E943 2006 |
| 082 | 0 | 0 |
_aWX 173 E21m 2006 _222 |
| 100 | 1 |
_aEveritt, Brian. _92203 |
|
| 245 | 1 | 0 |
_aMedical statistics from A to Z : _ba guide for clinicians and medical students |
| 250 | _a2nd ed. | ||
| 260 |
_bCambridge University Press, _c2006. |
||
| 300 |
_avi, 249 p. : _bill. ; _c26 cm. |
||
| 650 | 0 |
_aMedical statistics _vDictionaries. _92204 |
|
| 650 | 0 |
_aBiomedical _912800 |
|
| 856 | 4 | 2 |
_3Publisher description _uhttp://www.loc.gov/catdir/enhancements/fy0729/2007276315-d.html |
| 856 | 4 | 2 |
_3Contributor biographical information _uhttp://www.loc.gov/catdir/enhancements/fy0732/2007276315-b.html |
| 856 | 4 | 1 |
_3Table of contents only _uhttp://www.loc.gov/catdir/enhancements/fy1112/2007276315-t.html |
| 906 |
_a7 _bcbc _corigcop _d2 _encip _f20 _gy-gencatlg |
||
| 942 |
_2z _cSLOAN |
||
| 999 |
_c814 _d814 |
||